[Event "GBR-ch 100th"]
[Site "Torquay"]
[Date "2013.08.03"]
[Round "6"]
[White "Wang, Maria"]
[Black "Jones, Steven"]
[Result "0-1"]
[WhiteElo "1817"]
[BlackElo "2033"]
[PlyCount "58"]
[EventDate "2013.07.29"]
[EventType "swiss"]
[EventRounds "11"]
[EventCountry "GBR"]
[Source "John Saunders"]
[SourceDate "2015.07.24"]

1. e4 c5 2. Nf3 Nc6 3. d4 cxd4 4. Nxd4 Nf6 5. Nc3 e5 6. Ndb5 d6 7. Bg5 a6 8.
Na3 b5 9. Nd5 Qa5+ 10. Bd2 Qd8 11. Bg5 Be7 12. Bxf6 Bxf6 13. c3 O-O 14. Nc2 Bg5
15. a4 bxa4 16. Rxa4 a5 17. Bc4 Kh8 18. h4 Bh6 19. Nce3 Bxe3 20. Nxe3 Ne7 21.
g3 Bb7 22. Nd5 f5 23. exf5 Nxf5 24. O-O Bc6 25. Ra3 Nxh4 26. gxh4 Qxh4 27. Be2
Rf6 28. c4 Rh6 29. Bh5 Rxh5 0-1

[Event "GBR-ch 100th"]
[Site "Torquay"]
[Date "2013.08.03"]
[Round "6"]
[White "Williams, Simon Kim"]
[Black "Hawkins, Jonathan"]
[Result "1/2-1/2"]
[WhiteElo "2481"]
[BlackElo "2517"]
[PlyCount "80"]
[EventDate "2013.07.29"]
[EventType "swiss"]
[EventRounds "11"]
[EventCountry "GBR"]
[Source "John Saunders"]
[SourceDate "2015.07.24"]

1. d4 Nf6 2. c4 e6 3. Nf3 d5 4. Nc3 Bb4 5. cxd5 exd5 6. Bg5 Nbd7 7. e3 c5 8.
Be2 Qa5 9. O-O Bxc3 10. bxc3 c4 11. Nd2 Qxc3 12. e4 Nxe4 13. Nxe4 dxe4 14. Rc1
Qa5 15. Bd2 Qf5 16. Bxc4 O-O 17. Bb3 b6 18. Rc7 a5 19. f3 Ba6 20. Rf2 Nf6 21.
fxe4 Qxe4 22. Rf4 Qe2 23. Qxe2 Bxe2 24. a4 b5 25. axb5 Bxb5 26. g4 Be2 27. g5
Rab8 28. gxf6 Rxb3 29. fxg7 Kxg7 30. Bc3 Kg6 31. d5 f6 32. Kf2 Bb5 33. h4 h5
34. Rf3 Rb1 35. Rg3+ Kf5 36. Rc5 Re8 37. Rf3+ Kg4 38. Rg3+ Kf5 39. Rf3+ Kg4 40.
Rg3+ Kf5 1/2-1/2

[Event "GBR-ch 100th"]
[Site "Torquay"]
[Date "2013.08.03"]
[Round "6"]
[White "Yeo, Michael J"]
[Black "Horton, Andrew P"]
[Result "1-0"]
[WhiteElo "2170"]
[BlackElo "2032"]
[PlyCount "103"]
[EventDate "2013.07.29"]
[EventType "swiss"]
[EventRounds "11"]
[EventCountry "GBR"]
[Source "John Saunders"]
[SourceDate "2015.07.24"]

1. e4 c5 2. Nf3 e6 3. d4 cxd4 4. Nxd4 a6 5. c4 Nf6 6. Nc3 Qc7 7. Be2 b6 8. Be3
Bb7 9. f3 Be7 10. Qd2 d6 11. O-O Nbd7 12. a4 O-O 13. a5 bxa5 14. Nb3 Rab8 15.
Nxa5 Ba8 16. Rfc1 Ne5 17. Na2 Nc6 18. Nxc6 Bxc6 19. Nb4 Qb7 20. Nxa6 Ra8 21.
Nb4 Bd7 22. Nd3 Rfc8 23. Rxa8 Rxa8 24. b4 Ne8 25. b5 Bd8 26. Nb4 Ra3 27. Na6
Bxb5 28. cxb5 Rxe3 29. Qxe3 Bb6 30. Nc5 Bxc5 31. Rxc5 dxc5 32. Qxc5 Nc7 33. Kf2
g6 34. Ke3 h6 35. Kd4 e5+ 36. Qxe5 Qa7+ 37. Kd3 Qa3+ 38. Qc3 Qd6+ 39. Kc2 Ne6
40. e5 Nd4+ 41. Kd3 Qxe5 42. Qxd4 Qxb5+ 43. Ke3 Qb8 44. g3 Qb1 45. Kf2 Qh1 46.
Qh4 Qc1 47. Qf4 Qc5+ 48. Qe3 Qh5 49. Kg2 Kg7 50. Bc4 Qf5 51. Qd4+ Kg8 52. Qf4
1-0

[Event "GBR-ch 100th"]
[Site "Torquay"]
[Date "2013.08.05"]
[Round "7"]
[White "Armstrong, Malcolm J"]
[Black "Tavares, Shawn P"]
[Result "1-0"]
[WhiteElo "2014"]
[BlackElo "2178"]
[PlyCount "87"]
[EventDate "2013.07.29"]
[EventType "swiss"]
[EventRounds "11"]
[EventCountry "GBR"]
[Source "John Saunders"]
[SourceDate "2015.07.24"]

1. d4 e6 2. Nf3 Nf6 3. g3 b5 4. Bg2 Bb7 5. O-O c5 6. Na3 a6 7. c4 b4 8. Nc2 Qc8
9. b3 Be7 10. a3 a5 11. axb4 axb4 12. Rxa8 Bxa8 13. Bb2 O-O 14. Ne3 cxd4 15.
Nxd4 Bxg2 16. Kxg2 Qb7+ 17. f3 Bc5 18. Qd3 Qb6 19. Rd1 Rd8 20. Ndc2 Nc6 21.
Bxf6 gxf6 22. Ng4 f5 23. Nf6+ Kg7 24. Nh5+ Kh6 25. g4 Ne5 26. Qd2+ Kg6 27. Qf4
d6 28. e4 fxg4 29. fxg4 f5 30. exf5+ Kf7 31. fxe6+ Kxe6 32. Qf6+ Kd7 33. Qxe5
Kc8 34. Qe6+ Kb8 35. Nf6 Qb7+ 36. Rd5 h5 37. g5 Qa7 38. g6 Qa2 39. Qe2 Qb2 40.
Rf5 Qc1 41. Ne1 h4 42. g7 Qh6 43. Qg4 h3+ 44. Kf1 1-0

[Event "GBR-ch 100th"]
[Site "Torquay"]
[Date "2013.08.05"]
[Round "7"]
[White "Batchelor, Peter"]
[Black "Mordue, A Tyson"]
[Result "1-0"]
[WhiteElo "2118"]
[BlackElo "2256"]
[PlyCount "141"]
[EventDate "2013.07.29"]
[EventType "swiss"]
[EventRounds "11"]
[EventCountry "GBR"]
[Source "John Saunders"]
[SourceDate "2015.07.24"]

1. d4 c5 2. d5 e5 3. c4 d6 4. e4 g6 5. Nc3 Bg7 6. Nf3 Nf6 7. Be2 O-O 8. O-O a6
9. Ne1 Ne8 10. Be3 f5 11. f3 f4 12. Bf2 Nd7 13. Rb1 Rf7 14. b4 b6 15. Nd3 Bf8
16. Qa4 Ndf6 17. bxc5 bxc5 18. Qc6 Rfa7 19. Qb6 Be7 20. Na4 Nd7 21. Qxd8 Bxd8
22. Rb2 Rb7 23. Rxb7 Bxb7 24. Rb1 Bc8 25. Kf1 Bc7 26. h4 h6 27. g3 g5 28. hxg5
hxg5 29. gxf4 gxf4 30. Bd1 Rb8 31. Bb3 Nef6 32. Ke2 Ba5 33. Rg1+ Kf7 34. Naxc5
dxc5 35. Nxc5 Nxc5 36. Bxc5 Bb6 37. Bxb6 Rxb6 38. c5 Rb4 39. c6 Rd4 40. Rg5
Nxe4 41. fxe4 Rxe4+ 42. Kf2 Ke7 43. Rg8 Bh3 44. c7 Rd4 45. c8=Q Bxc8 46. Rxc8
e4 47. Rc6 Rd2+ 48. Ke1 e3 49. Rxa6 Rh2 50. d6+ Kf6 51. d7+ Ke7 52. Ra4 Rh1+
53. Ke2 Rh2+ 54. Ke1 Rh1+ 55. Ke2 Rh2+ 56. Kd3 Rf2 57. Re4+ Kxd7 58. a4 Kc6 59.
Bc4 Kc5 60. Kc3 Kb6 61. a5+ Kc6 62. a6 Rh2 63. Rxf4 e2 64. Re4 Rh4 65. Rxe2 Rh7
66. Kb4 Kb6 67. Re6+ Ka7 68. Ka5 Rh5+ 69. Bb5 Rg5 70. Re7+ Ka8 71. Kb6 1-0

[Event "GBR-ch 100th"]
[Site "Torquay"]
[Date "2013.08.05"]
[Round "7"]
[White "Bates, Richard"]
[Black "Duff, Rufus"]
[Result "1/2-1/2"]
[WhiteElo "2375"]
[BlackElo "2157"]
[PlyCount "43"]
[EventDate "2013.07.29"]
[EventType "swiss"]
[EventRounds "11"]
[EventCountry "GBR"]
[Source "John Saunders"]
[SourceDate "2015.07.24"]

1. d4 d5 2. c4 c6 3. Nf3 Nf6 4. e3 Bg4 5. Nc3 e6 6. Qb3 Qb6 7. Nh4 Qxb3 8. axb3
Nbd7 9. h3 Bh5 10. g4 Bg6 11. g5 Ng8 12. Nxg6 hxg6 13. e4 Bb4 14. Bd2 Ne7 15.
Bg2 dxc4 16. bxc4 e5 17. Ne2 Bxd2+ 18. Kxd2 exd4 19. Nxd4 a6 20. Ke3 O-O-O 21.
b4 Rhe8 22. Rhd1 1/2-1/2

[Event "GBR-ch 100th"]
[Site "Torquay"]
[Date "2013.08.05"]
[Round "7"]
[White "Brown, Martin"]
[Black "Hackner, Oskar A"]
[Result "0-1"]
[WhiteElo "2203"]
[BlackElo "2063"]
[PlyCount "132"]
[EventDate "2013.07.29"]
[EventType "swiss"]
[EventRounds "11"]
[EventCountry "GBR"]
[Source "John Saunders"]
[SourceDate "2015.07.24"]

1. e4 e6 2. d4 d5 3. Nd2 Nf6 4. e5 Nfd7 5. f4 c5 6. c3 Nc6 7. Ndf3 Qb6 8. g3
cxd4 9. cxd4 f6 10. Bd3 Bb4+ 11. Kf1 Be7 12. Kg2 g5 13. exf6 Nxf6 14. fxg5 Ne4
15. Qe2 e5 16. Nxe5 Nxe5 17. dxe5 O-O 18. Be3 Bc5 19. Bxe4 dxe4 20. Qc4+ Be6
21. Bxc5 Qc6 22. Qxe6+ Qxe6 23. Bxf8 Rxf8 24. Nh3 Qxe5 25. Rab1 e3 26. Rhe1
Qd5+ 27. Kg1 Qxa2 28. Nf4 Re8 29. Nh5 Re5 30. Rbc1 e2 31. Rc7 Qa5 32. Nf6+ Kf8
33. Nxh7+ Ke8 34. Nf6+ Kd8 35. Rcc1 Qb6+ 36. Kg2 Rxg5 37. Ne4 Re5 38. Nf2 Re3
39. Rc2 Qb5 40. g4 Qd5+ 41. Kg1 Qe5 42. Rd2+ Kc7 43. Nh1 a5 44. Nf2 b5 45. Kh1
Kb6 46. g5 Qf4 47. Kg2 Qxg5+ 48. Kh1 Qf4 49. Kg1 Rg3+ 50. hxg3 Qxd2 51. Nd3
Qxd3 52. Kf2 Qd4+ 53. Kf3 Qf6+ 54. Ke3 Qxb2 55. Rxe2 Qf6 56. Ke4 Qe6+ 57. Kd3
Qg6+ 58. Kd4 Qxg3 59. Re6+ Kc7 60. Ra6 Qf4+ 61. Kd5 Qc4+ 62. Ke5 a4 63. Ra7+
Kb6 64. Ra8 Qc5+ 65. Kf4 Qd4+ 66. Kg3 Qe3+ 0-1

[Event "GBR-ch 100th"]
[Site "Torquay"]
[Date "2013.08.05"]
[Round "7"]
[White "Brusey, Alan"]
[Black "Owens, Megan R"]
[Result "1/2-1/2"]
[WhiteElo "2020"]
[BlackElo "1852"]
[PlyCount "82"]
[EventDate "2013.07.29"]
[EventType "swiss"]
[EventRounds "11"]
[EventCountry "GBR"]
[Source "John Saunders"]
[SourceDate "2015.07.24"]

1. e4 c5 2. c3 d5 3. exd5 Qxd5 4. d4 g6 5. dxc5 Qxc5 6. Be3 Qc7 7. Na3 a6 8.
Nc4 Nd7 9. Nf3 Bg7 10. a4 Ngf6 11. a5 O-O 12. Qd2 Ng4 13. Nb6 Nxb6 14. Bxb6 Qd7
15. Qxd7 Bxd7 16. Be2 Rac8 17. O-O Ne5 18. Rfd1 Bc6 19. Nd4 Be8 20. Re1 Bf6 21.
Rac1 Nd7 22. Bf3 Nxb6 23. axb6 Rb8 24. Ra1 e6 25. Nb3 Bd8 26. Na5 Bxb6 27. Nxb7
Bb5 28. b3 Rfc8 29. c4 Bc6 30. Nd6 Rc7 31. Rxa6 Bxf3 32. gxf3 Rc6 33. c5 Rxc5
34. Nc4 Rb5 35. Nxb6 R5xb6 36. Rxb6 Rxb6 37. Re3 Rb4 38. Kg2 Kg7 39. Kg3 g5 40.
Rc3 h5 41. Kg2 Kf6 1/2-1/2

[Event "GBR-ch 100th"]
[Site "Torquay"]
[Date "2013.08.05"]
[Round "7"]
[White "Burnett, Jim"]
[Black "Kirby, Peter J"]
[Result "1-0"]
[WhiteElo "2117"]
[BlackElo "1982"]
[PlyCount "55"]
[EventDate "2013.07.29"]
[EventType "swiss"]
[EventRounds "11"]
[EventCountry "GBR"]
[Source "John Saunders"]
[SourceDate "2015.07.24"]

1. d4 Nf6 2. c4 g6 3. g3 Bg7 4. Bg2 d5 5. Nf3 dxc4 6. Qa4+ Bd7 7. Qxc4 O-O 8.
O-O c6 9. Nc3 Na6 10. e4 Be6 11. Qe2 Bg4 12. Be3 Qa5 13. h3 Bxf3 14. Bxf3 e6
15. a3 Qd8 16. b4 Qe7 17. b5 cxb5 18. Qxb5 Qd7 19. Rab1 Qxb5 20. Rxb5 Rac8 21.
Rc1 b6 22. e5 Nd5 23. Nxd5 Rxc1+ 24. Bxc1 exd5 25. Rxd5 Rc8 26. Be3 Nc7 27. Rd7
Nb5 28. a4 1-0

[Event "GBR-ch 100th"]
[Site "Torquay"]
[Date "2013.08.05"]
[Round "7"]
[White "Dilleigh, Steve"]
[Black "Eggleston, David"]
[Result "0-1"]
[WhiteElo "2121"]
[BlackElo "2363"]
[PlyCount "114"]
[EventDate "2013.07.29"]
[EventType "swiss"]
[EventRounds "11"]
[EventCountry "GBR"]
[Source "John Saunders"]
[SourceDate "2015.07.24"]

1. d4 Nf6 2. c4 e6 3. Nc3 Bb4 4. e3 O-O 5. Nge2 d5 6. a3 Bd6 7. Ng3 Nbd7 8.
cxd5 exd5 9. Nf5 Nb6 10. Nxd6 Qxd6 11. Be2 Bf5 12. O-O Rfe8 13. b3 Ne4 14. Nxe4
dxe4 15. Qc2 Nd5 16. Bc4 c6 17. f4 h5 18. Bd2 h4 19. Bxd5 cxd5 20. Bb4 Qa6 21.
Rfc1 h3 22. g3 Rac8 23. Qd1 Qb5 24. Qf1 Qd3 25. Qxd3 exd3 26. Kf2 Rc2+ 27. Rxc2
dxc2 28. Rc1 Rc8 29. Kf3 Be4+ 30. Ke2 Rc6 31. Kd2 f6 32. a4 Kf7 33. Ba3 f5 34.
Bc5 b6 35. Ba3 Kg6 36. Rf1 Kh5 37. Bc1 Kg4 38. Rf2 a6 39. Rf1 Bg2 40. Rf2 Be4
41. Rf1 b5 42. axb5 axb5 43. Bb2 b4 44. Kc1 Kh5 45. Kd2 Rg6 46. Rg1 Bg2 47.
Kxc2 Kg4 48. Bc1 Kf3 49. Bd2 Rb6 50. Ra1 Kf2 51. Be1+ Kg1 52. Bxb4+ Kxh2 53.
Bc5 Rb8 54. Ra7 Rg8 55. Ra6 Kg1 56. Ra1+ Bf1 57. g4 h2 0-1

[Event "GBR-ch 100th"]
[Site "Torquay"]
[Date "2013.08.05"]
[Round "7"]
[White "Fernandez, Daniel Howard"]
[Black "Eames, Robert"]
[Result "1-0"]
[WhiteElo "2346"]
[BlackElo "2244"]
[PlyCount "65"]
[EventDate "2013.07.29"]
[EventType "swiss"]
[EventRounds "11"]
[EventCountry "GBR"]
[Source "John Saunders"]
[SourceDate "2015.07.24"]

1. Nf3 c5 2. e4 d6 3. d4 cxd4 4. Qxd4 Nc6 5. Bb5 Bd7 6. Bxc6 Bxc6 7. Nc3 Nf6 8.
Bg5 e6 9. O-O-O Be7 10. Rhe1 O-O 11. Kb1 Qc7 12. Qd2 Rfd8 13. Nd4 a6 14. f3 b5
15. Nce2 a5 16. g4 b4 17. Ng3 Rac8 18. Re2 Bb7 19. Rg1 Qc5 20. Reg2 a4 21. Be3
Qc4 22. b3 Qa6 23. Ngf5 Bf8 24. Nh6+ gxh6 25. g5 Ng4 26. gxh6 f5 27. exf5 exf5
28. Nxf5 axb3 29. Rxg4+ Kf7 30. cxb3 Rc3 31. Rxb4 Rdc8 32. Rxb7+ Qxb7 33. Nxd6+
1-0

[Event "GBR-ch 100th"]
[Site "Torquay"]
[Date "2013.08.05"]
[Round "7"]
[White "Foo, William"]
[Black "Rayner, Francis"]
[Result "1-0"]
[WhiteElo "2090"]
[BlackElo "2186"]
[PlyCount "91"]
[EventDate "2013.07.29"]
[EventType "swiss"]
[EventRounds "11"]
[EventCountry "GBR"]
[Source "John Saunders"]
[SourceDate "2015.07.24"]

1. d4 Nf6 2. c4 g6 3. Nc3 Bg7 4. e4 O-O 5. Be2 c5 6. d5 d6 7. f4 e6 8. Nf3 exd5
9. cxd5 Re8 10. Nd2 c4 11. a4 Nbd7 12. O-O Nc5 13. Bf3 Qc7 14. Nb5 Qd8 15. Qc2
a6 16. Nc3 Nb3 17. Nxb3 Qb6+ 18. Kh1 cxb3 19. Qd3 Nd7 20. a5 Qd4 21. Qe2 Nc5
22. Rd1 Qb4 23. Bd2 Bd7 24. e5 Bb5 25. Qe3 dxe5 26. Ne4 exf4 27. Qxc5 Qxc5 28.
Nxc5 Bxb2 29. Rab1 Bd4 30. Nxb3 Be3 31. Bxe3 fxe3 32. Nd4 Bc4 33. Rxb7 e2 34.
Re1 Rad8 35. Nc6 Rd6 36. Kg1 Kf8 37. Nb4 Re3 38. Kf2 Rb3 39. Rb8+ Kg7 40. Nc6
Ra3 41. Rd8 Rxd8 42. Nxd8 Rxa5 43. d6 Ra2 44. Nb7 Rd2 45. Bc6 Bb5 46. d7 1-0

[Event "GBR-ch 100th"]
[Site "Torquay"]
[Date "2013.08.05"]
[Round "7"]
[White "Gordon, Stephen J"]
[Black "Williams, Simon Kim"]
[Result "0-1"]
[WhiteElo "2521"]
[BlackElo "2481"]
[PlyCount "60"]
[EventDate "2013.07.29"]
[EventType "swiss"]
[EventRounds "11"]
[EventCountry "GBR"]
[Source "John Saunders"]
[SourceDate "2015.07.24"]

1. Nf3 Nf6 2. c4 g6 3. Nc3 Bg7 4. e4 d6 5. d4 O-O 6. h3 a6 7. Be3 Nbd7 8. c5 b5
9. Qc2 Bb7 10. a3 Qe8 11. Be2 e5 12. dxe5 Nxe5 13. O-O Nxf3+ 14. Bxf3 Nd7 15.
cxd6 cxd6 16. Rad1 f5 17. Rxd6 Ne5 18. Qb3+ Kh8 19. Be2 f4 20. Bd4 f3 21. Bxf3
Rxf3 22. Re6 Qf7 23. Bxe5 Bxe5 24. gxf3 Bc8 25. Qd5 Qxe6 26. Qxa8 Qxh3 27. Rd1
Bh2+ 28. Kh1 Bg3+ 29. Kg1 Qh2+ 30. Kf1 Qxf2# 0-1

[Event "GBR-ch 100th"]
[Site "Torquay"]
[Date "2013.08.05"]
[Round "7"]
[White "Graham, David Bruce"]
[Black "Moss, Guy"]
[Result "1-0"]
[WhiteElo "2165"]
[BlackElo "2018"]
[PlyCount "87"]
[EventDate "2013.07.29"]
[EventType "swiss"]
[EventRounds "11"]
[EventCountry "GBR"]
[Source "John Saunders"]
[SourceDate "2015.07.24"]

1. e4 c5 2. Nc3 Nc6 3. f4 e6 4. Nf3 d5 5. Bb5 Nge7 6. d3 a6 7. Bxc6+ Nxc6 8.
O-O Be7 9. Ne5 Nxe5 10. fxe5 dxe4 11. Qh5 g6 12. Qh6 exd3 13. Qg7 Rf8 14. Bh6
dxc2 15. Qxh7 Qd4+ 16. Kh1 Qh4 17. Rf3 Bg5 18. Rh3 Qf4 19. Ne2 Qd2 20. Bxf8
Qd1+ 21. Rxd1 cxd1=Q+ 22. Ng1 Kxf8 23. Rf3 Qd7 24. h4 f5 25. Qh8+ Ke7 26. hxg5
Qe8 27. Qf6+ Kd7 28. Rh3 Kc7 29. Rh8 Qc6 30. Qd8+ Kb8 31. Qd6+ Ka7 32. Qxc6
bxc6 33. Ne2 Rb8 34. Nf4 c4 35. Nxg6 Rxb2 36. Rxc8 Kb7 37. Ne7 Rd2 38. g6 c3
39. g7 c2 40. Rxc6 Rd1+ 41. Kh2 c1=Q 42. Rxc1 Rxc1 43. g8=Q Rc7 44. Qxe6 1-0

[Event "GBR-ch 100th"]
[Site "Torquay"]
[Date "2013.08.05"]
[Round "7"]
[White "Haria, Ravi"]
[Black "Knott, Simon JB"]
[Result "1/2-1/2"]
[WhiteElo "2133"]
[BlackElo "2318"]
[PlyCount "60"]
[EventDate "2013.07.29"]
[EventType "swiss"]
[EventRounds "11"]
[EventCountry "GBR"]
[Source "John Saunders"]
[SourceDate "2015.07.24"]

1. e4 e6 2. d4 d5 3. Nd2 c5 4. exd5 Qxd5 5. Ngf3 cxd4 6. Bc4 Qd6 7. O-O Nf6 8.
Nb3 Nc6 9. Nbxd4 Nxd4 10. Nxd4 a6 11. Re1 Qc7 12. Qe2 Bd6 13. Bg5 O-O 14. Bd3
Bxh2+ 15. Kh1 Bf4 16. Bxf6 gxf6 17. g3 Rd8 18. Qe4 f5 19. Nxf5 exf5 20. Qxf4
Qxf4 21. gxf4 Kg7 22. Re5 Kf6 23. Kg2 Rd4 24. Kf3 Be6 25. Ke3 Rd5 26. Rh1 Rxe5+
27. fxe5+ Kxe5 28. f4+ Kf6 29. Rxh7 a5 30. a3 b6 1/2-1/2

[Event "GBR-ch 100th"]
[Site "Torquay"]
[Date "2013.08.05"]
[Round "7"]
[White "Harvey, Marcus Ross"]
[Black "Henderson, David"]
[Result "1-0"]
[WhiteElo "2202"]
[BlackElo "2053"]
[PlyCount "97"]
[EventDate "2013.07.29"]
[EventType "swiss"]
[EventRounds "11"]
[EventCountry "GBR"]
[Source "John Saunders"]
[SourceDate "2015.07.24"]

1. g3 g6 2. Bg2 Bg7 3. c4 c5 4. Nc3 Nc6 5. e3 d6 6. Nge2 e5 7. a3 Bd7 8. Rb1
Rb8 9. b4 Nf6 10. O-O O-O 11. d3 b6 12. h3 Ne7 13. f4 Bc6 14. e4 Ne8 15. Nd5
Nxd5 16. cxd5 Bd7 17. fxe5 Bxe5 18. Bf4 Bg7 19. d4 cxb4 20. Rxb4 a5 21. Rb1 g5
22. Be3 f5 23. Qd2 h6 24. Qd3 Qe7 25. Nc3 fxe4 26. Rxf8+ Bxf8 27. Qxe4 Nf6 28.
Qxe7 Bxe7 29. Bd2 Kf7 30. g4 b5 31. Kf2 Bd8 32. Ke3 h5 33. gxh5 Nxh5 34. Bf1
Nf4 35. Bxb5 Nxd5+ 36. Kf2 Bxb5 37. Nxb5 Kg6 38. a4 Bf6 39. Rc1 Nb6 40. Be3
Nxa4 41. Nxd6 Rb4 42. Rc6 Nb6 43. Ne4 Nd5 44. Rd6 Rb5 45. Bxg5 a4 46. Nxf6 Nb4
47. h4 Kf5 48. Kf3 Nc2 49. Ng4 1-0

[Event "GBR-ch 100th"]
[Site "Torquay"]
[Date "2013.08.05"]
[Round "7"]
[White "Hegarty, Sarah"]
[Black "Varnam, Liam"]
[Result "1-0"]
[WhiteElo "2124"]
[BlackElo "2107"]
[PlyCount "75"]
[EventDate "2013.07.29"]
[EventType "swiss"]
[EventRounds "11"]
[EventCountry "GBR"]
[Source "John Saunders"]
[SourceDate "2015.07.24"]

1. e4 c5 2. Nc3 Nc6 3. f4 e6 4. Nf3 d5 5. Bb5 Nge7 6. exd5 exd5 7. Qe2 f6 8.
O-O Kf7 9. Qf2 Nf5 10. d3 Ncd4 11. Nxd4 Nxd4 12. Ba4 a6 13. b4 b5 14. bxc5 Ne6
15. Bb3 Bxc5 16. Be3 d4 17. Qf3 dxe3 18. Kh1 Bd4 19. Ne2 Bxa1 20. Rxa1 Bd7 21.
f5 Qc7 22. Nf4 Rhe8 23. fxe6+ Bxe6 24. Nxe6 Qc3 25. Rf1 Ke7 26. Qxe3 Kd7 27.
Qh3 Kc6 28. Qxh7 Ra7 29. Qe4+ Kd6 30. Qf4+ Qe5 31. Qb4+ Kc6 32. Re1 Qb8 33.
Qe4+ Kb6 34. Qd4+ Ka5 35. Qc3+ Kb6 36. Qc5+ Ka5 37. Re4 f5 38. Ra4# 1-0

[Event "GBR-ch 100th"]
[Site "Torquay"]
[Date "2013.08.05"]
[Round "7"]
[White "Homer, Stephen J"]
[Black "Tambini, Jasper"]
[Result "0-1"]
[WhiteElo "2165"]
[BlackElo "1979"]
[PlyCount "102"]
[EventDate "2013.07.29"]
[EventType "swiss"]
[EventRounds "11"]
[EventCountry "GBR"]
[Source "John Saunders"]
[SourceDate "2015.07.24"]

1. e4 e5 2. Nf3 Nc6 3. Bb5 a6 4. Ba4 Nf6 5. O-O Be7 6. Re1 b5 7. Bb3 O-O 8. a4
b4 9. d4 exd4 10. e5 Ne8 11. Bd5 Rb8 12. Nbd2 Na5 13. Qe2 c5 14. Nf1 Nc7 15.
Be4 Ne6 16. Ng3 g6 17. Bh6 Re8 18. h4 Bxh4 19. Nxh4 Qxh4 20. Qd2 Nc4 21. Qc1
Nxe5 22. Bf5 Qf6 23. Ne4 Qe7 24. Bxe6 Qxe6 25. Nxc5 Qg4 26. Kf1 Qh5 27. Kg1
Nf3+ 28. gxf3 Rxe1+ 29. Qxe1 Qxh6 30. Qe5 Rb6 31. Ne4 Qg7 32. Qc7 Rc6 33. Qd8+
Qf8 34. Nf6+ Kg7 35. Ne8+ Kh8 36. Re1 d5 37. Qh4 f6 38. Qxd4 Bh3 39. Qxd5 Rc5
40. Qd4 Rf5 41. Nd6 Rg5+ 42. Kh2 Bd7 43. Re4 Qh6+ 44. Rh4 Qxh4+ 45. Qxh4 Rh5
46. Qxh5 gxh5 47. a5 h4 48. Ne4 Kg7 49. Nc5 Bb5 50. Kh3 Kg6 51. Ne6 Bd7 0-1

[Event "GBR-ch 100th"]
[Site "Torquay"]
[Date "2013.08.05"]
[Round "7"]
[White "Howell, David"]
[Black "Hebden, Mark"]
[Result "1/2-1/2"]
[WhiteElo "2639"]
[BlackElo "2555"]
[PlyCount "114"]
[EventDate "2013.07.29"]
[EventType "swiss"]
[EventRounds "11"]
[EventCountry "GBR"]
[Source "John Saunders"]
[SourceDate "2015.07.24"]

1. e4 e5 2. Nf3 Nc6 3. Bc4 Be7 4. O-O d6 5. a4 Nf6 6. d3 Na5 7. Ba2 c5 8. Nc3
Nc6 9. Nd5 Nxd5 10. Bxd5 O-O 11. c3 Bf6 12. Bd2 Ne7 13. Bc4 d5 14. exd5 Nxd5
15. a5 Rb8 16. Re1 b5 17. axb6 Nxb6 18. Bb3 Qxd3 19. Bc2 Qd6 20. Qe2 Bb7 21.
Rxa7 g6 22. Bh6 Rfe8 23. Ng5 Nc8 24. Ra4 Qb6 25. Ne4 Bxe4 26. Bxe4 Qxb2 27. Qf3
Bg7 28. Bd5 Rf8 29. Bxg7 Kxg7 30. Qe3 f6 31. Rh4 h5 32. Qxc5 Qb6 33. Rc4 Qxc5
34. Rxc5 Nd6 35. Rc7+ Kh6 36. Rc6 Nf5 37. Be6 Ng7 38. Bh3 e4 39. g3 f5 40. Rd1
Rfc8 41. Ra6 Rd8 42. Rxd8 Rxd8 43. Bf1 Rd1 44. h4 Rc1 45. c4 f4 46. gxf4 Nf5
47. Re6 Re1 48. c5 Nd4 49. Re8 Nf3+ 50. Kg2 Nxh4+ 51. Kh3 Rxf1 52. Kxh4 Rxf2
53. Rxe4 Rc2 54. Re5 Rc3 55. Rd5 Kg7 56. Rd7+ Kf6 57. Rd5 Rf3 1/2-1/2

[Event "GBR-ch 100th"]
[Site "Torquay"]
[Date "2013.08.05"]
[Round "7"]
[White "Jackson, Oliver"]
[Black "Martin, Lewis"]
[Result "0-1"]
[WhiteElo "2207"]
[BlackElo "2043"]
[PlyCount "52"]
[EventDate "2013.07.29"]
[EventType "swiss"]
[EventRounds "11"]
[EventCountry "GBR"]
[Source "John Saunders"]
[SourceDate "2015.07.24"]

1. e4 Nf6 2. Nc3 d5 3. e5 d4 4. Nce2 Ng4 5. f4 c5 6. Nf3 Nc6 7. Ng3 f6 8. Bc4
Na5 9. Be2 fxe5 10. fxe5 Qd5 11. O-O Bd7 12. d3 Nc6 13. e6 Bxe6 14. Ng5 Nge5
15. Nxe6 Qxe6 16. Ne4 Qd5 17. Bf4 O-O-O 18. a3 e6 19. Qd2 Be7 20. Rfb1 a6 21.
b4 c4 22. a4 c3 23. Qe1 Nxb4 24. Qg3 Ng6 25. Bg5 Nxc2 26. Ra2 Qxa2 0-1

[Event "GBR-ch 100th"]
[Site "Torquay"]
[Date "2013.08.05"]
[Round "7"]
[White "Jones, Steven"]
[Black "Collier, David"]
[Result "1-0"]
[WhiteElo "2033"]
[BlackElo "2086"]
[PlyCount "97"]
[EventDate "2013.07.29"]
[EventType "swiss"]
[EventRounds "11"]
[EventCountry "GBR"]
[Source "John Saunders"]
[SourceDate "2015.07.24"]

1. e4 c5 2. Nf3 d6 3. d4 cxd4 4. Nxd4 Nf6 5. Nc3 a6 6. Be3 e6 7. g4 h6 8. h3 b5
9. Bg2 Bb7 10. a3 Qc7 11. f4 Nc6 12. Nxc6 Bxc6 13. Qe2 Qb7 14. Bd4 b4 15. axb4
Qxb4 16. O-O-O Qb7 17. Nd5 Be7 18. Nxe7 Kxe7 19. Rhe1 Rac8 20. h4 Qb5 21. g5
hxg5 22. hxg5 Ne8 23. Qf2 Bb7 24. Rh1 Rxh1 25. Rxh1 Qa4 26. Kb1 a5 27. Re1 Qb4
28. f5 e5 29. f6+ gxf6 30. gxf6+ Kd8 31. Bb6+ Nc7 32. Rd1 Ke8 33. Bh3 Ne6 34.
Bxe6 fxe6 35. f7+ Ke7 36. Rf1 Rf8 37. Qh4+ Kd7 38. Qd8+ Rxd8 39. Bxd8 Kxd8 40.
f8=Q+ Kc7 41. Qe7+ Kb6 42. Rd1 Qxe4 43. Rxd6+ Ka7 44. Qxe6 Qe1+ 45. Ka2 e4 46.
Qe5 Qb4 47. Qd4+ Qxd4 48. Rxd4 e3 49. Rd7 1-0

[Event "GBR-ch 100th"]
[Site "Torquay"]
[Date "2013.08.05"]
[Round "7"]
[White "Kalaiyalahan, Akshaya"]
[Black "Friedland, Jon S"]
[Result "0-1"]
[WhiteElo "1920"]
[BlackElo "2093"]
[PlyCount "80"]
[EventDate "2013.07.29"]
[EventType "swiss"]
[EventRounds "11"]
[EventCountry "GBR"]
[Source "John Saunders"]
[SourceDate "2015.07.24"]

1. c4 Nf6 2. Nc3 g6 3. g3 Bg7 4. Bg2 O-O 5. e4 d6 6. Nge2 Nc6 7. O-O a6 8. d4
Rb8 9. h3 Bd7 10. d5 Na5 11. b3 c5 12. dxc6 Nxc6 13. Bb2 b5 14. cxb5 axb5 15.
Nd5 Nxd5 16. Bxg7 Ne3 17. fxe3 Kxg7 18. Nd4 Ne5 19. Qd2 b4 20. Rac1 Qa5 21. a3
Rfc8 22. axb4 Qxb4 23. Qxb4 Rxb4 24. Rxc8 Bxc8 25. Rc1 Bd7 26. Rc3 Kf6 27. Kf2
Be6 28. Ke2 Nd7 29. Kd2 Rb6 30. Kc2 Nc5 31. Nxe6 Kxe6 32. Bf3 Ke5 33. Bg2 Rb7
34. Bf3 h5 35. Bg2 Ra7 36. Rxc5+ dxc5 37. Kb2 Rd7 38. Kc3 Rd1 39. Bf3 Rf1 40.
Be2 Rg1 0-1

[Event "GBR-ch 100th"]
[Site "Torquay"]
[Date "2013.08.05"]
[Round "7"]
[White "Lalic, Bogdan"]
[Black "Kosten, Anthony C"]
[Result "1/2-1/2"]
[WhiteElo "2489"]
[BlackElo "2458"]
[PlyCount "43"]
[EventDate "2013.07.29"]
[EventType "swiss"]
[EventRounds "11"]
[EventCountry "GBR"]
[Source "John Saunders"]
[SourceDate "2015.07.24"]

1. d4 Nf6 2. c4 e6 3. g3 d5 4. Bg2 dxc4 5. Nf3 a6 6. Ne5 Bb4+ 7. Nc3 Nd5 8. Bd2
b5 9. a4 Bxc3 10. bxc3 f6 11. e4 Ne7 12. Ng4 Bb7 13. O-O O-O 14. Qb1 c6 15. Bc1
Rf7 16. Ne3 Ng6 17. Rd1 Nd7 18. Bh3 Ngf8 19. Ba3 Qc7 20. d5 exd5 21. exd5 Ne5
22. Bg2 1/2-1/2